000 00594cam a22002053a 4500
001 45970
003 PGUSA
005 20140828084055.0
008 140614s2014||||xxu|||||s|||||000 | eng d
040 _aPGUSA
_beng
042 _adc
100 1 _aRolland, Romain,
_d1866-1944
245 1 0 _aL'âme enchantée v.1 :
_bAnnette et Sylvie
_h[electronic resource] /
_cRomain Rolland
260 _bProject Gutenberg,
_c2014
506 _aPublic domain in the USA.
516 _aElectronic text
830 0 _aProject Gutenberg
_v45970
856 4 0 _uhttp://www.gutenberg.org/ebooks/45970
942 _cEB
999 _c275219
_d275219